000
00364nam a2200157Ia 4500
008
210430s9999 xx 000 0 und d
020
_a
6/21/11
082
_a
823 D5491 T
245
_a
Charles Dickens
250
_a
367p
260
_a
National Book Foundation
300
_a
A Tale of Two Cities
650
_a
Islamabad
856
_u
BK
942
_c
GEN
_2
ddc
999
_c
562229
_d
562229